000 00405nam a22001817a 4500
003 MPLRDC
005 20220104144228.0
008 210129b ||||| |||| 00| 0 eng d
082 _a805.123 XW
100 _a徐伟编校
245 _a美国俗语2000句
_c
250 _a初版
260 _a
_b快泽
_c
300 _b
490 _a迷你英语系列
650 _a
942 _cBK
_o805.123 XW
999 _c47623
_d47613